Villes de Drôme-Ardèche Expert - Carte Quiz - Statistiques

Statistiques générales
  • Ce quiz a été pris 163 fois
  • Le résultat moyen est 9 sur 20
Réponses sur la Carte
Les réponses sont colorées sur une échelle allant du rouge au vert en fonction du pourcentage des utilisateurs qui les ont devinées à leur premier essai. Vous pouvez retrouver ces pourcentages ci-dessous.
 
Statistiques - réponses
Réponse % Correct
Tain-l'Hermitage
74%
Pierrelatte
68%
Bourg-de-Péage
65%
Guilherand-Granges
59%
Le Teil
59%
Cruas
55%
Viviers
55%
Vals-les-Bains
54%
Livron-sur-Drôme
53%
Saint-Jean-en-Royans
51%
Luc-en-Diois
46%
Coucouron
42%
Vernoux-en-Vivarais
38%
Marsanne
36%
Joyeuse
35%
Saillans
34%
Lus-la-Croix-Haute
33%
Saint-Désirat
27%
Saint-Martial
26%
La Motte-Chalencon
17%
Aucun quiz correspondant
Distribution des résultats
% des personnes avec chaque résultat
Percentile par nombre de réponses
Votre historique - résultats
Vous n’avez pas pris ce quiz